USMLE: Step 2 CK Lecture Notes (Record no. 90)

000 -LEADER
fixed length control field 00667nam a22002177a 4500
005 - DATE AND TIME OF LATEST TRANSACTION
control field 20210411114503.0
008 - FIXED-LENGTH DATA ELEMENTS--GENERAL INFORMATION
fixed length control field 201109s2018 ||||| |||| 00| 0 eng d
020 ## - INTERNATIONAL STANDARD BOOK NUMBER
International Standard Book Number 9781506236391
040 ## - CATALOGING SOURCE
Original cataloging agency eng
Transcribing agency DLC
041 ## - LANGUAGE CODE
Language code of text/sound track or separate title eng
080 ## - UNIVERSAL DECIMAL CLASSIFICATION NUMBER
Universal Decimal Classification number 61
Item number K-20
245 ## - TITLE STATEMENT
Title USMLE: Step 2 CK Lecture Notes
Remainder of title Internal Medicine
Statement of responsibility, etc. by Kaplan: Edited by Joseph, J. Lieber MD, Frank, P. Noto MD.
260 ## - PUBLICATION, DISTRIBUTION, ETC.
Place of publication, distribution, etc. New York
Name of publisher, distributor, etc. Kaplan Medical
Date of publication, distribution, etc. 2018
300 ## - PHYSICAL DESCRIPTION
Extent 503 pages
650 #0 - SUBJECT ADDED ENTRY--TOPICAL TERM
9 (RLIN) 80
Topical term or geographic name entry element USMLE Step 2 CK
650 #0 - SUBJECT ADDED ENTRY--TOPICAL TERM
9 (RLIN) 81
Topical term or geographic name entry element Internal Medicine
650 #0 - SUBJECT ADDED ENTRY--TOPICAL TERM
9 (RLIN) 69
Topical term or geographic name entry element Medicine
653 ## - INDEX TERM--UNCONTROLLED
Uncontrolled term მედიცინა
653 ## - INDEX TERM--UNCONTROLLED
Uncontrolled term შინაგანი მედიცინა
942 ## - ADDED ENTRY ELEMENTS (KOHA)
Source of classification or shelving scheme
Koha item type Books
Holdings
Withdrawn status Lost status Source of classification or shelving scheme Damaged status Not for loan Permanent location Current location Date acquired Inventory number Full call number Barcode Date last seen Price effective from Koha item type Total Checkouts
          Ken Walker International University Ken Walker International University 11/09/2020 36 61 K-20 36 11/09/2020 11/09/2020 Books  
          Ken Walker International University Ken Walker International University 11/18/2020 1174 61 K-20 1174 11/18/2020 11/18/2020 Books  
          Ken Walker International University Ken Walker International University 11/18/2020 1175 61 K-20 1175 11/18/2020 11/18/2020 Books  

Powered by Koha